[Event "Yaroslavl"]
[Site "Yaroslavl"]
[Date "1990.??.??"]
[Round "?"]
[White "Alber, Horst"]
[Black "Yuferov, Sergey  N"]
[Result "1/2-1/2"]
[WhiteElo "2325"]
[BlackElo "2400"]

1.d4 Nf6 2.c4 g6 3.Nc3 d5 4.cxd5 Nxd5 5.e4 Nxc3 6.bxc3 Bg7 7.Nf3 c5 8.Bb5+ Nc6
9.O-O cxd4 10.cxd4 O-O 11.Bxc6 bxc6 12.Qc2 Bg4 13.Ne5 Qxd4 14.Bb2 Qb6 15.Rab1 Bxe5
16.Bxe5 Qa6 17.Qc5 Rfe8 18.Ba1 Rad8 19.f3 Bc8 20.Qc3 e5 21.f4 Rd3 22.Qc1 Qxa2
23.Rb2 Qa4 24.Rb8 Red8 25.Bxe5 Qxe4 26.Qe1 Qd5 27.h4 Rd2 28.Qg3 Bf5 29.Rxd8+ Qxd8
30.Kh2 f6 31.Bc3 Rd3 32.Rf3 Kf7 33.Rxd3 Qxd3 34.Qxd3 Bxd3 35.Kg3 f5 36.Kf2 Ke6
37.Ke3 Bf1 38.g3 Kd5 39.Bf6 a5 40.Ba1 a4 41.Bf6 Kc4 42.Be5 Kb3 43.Kd2 Bg2
44.Bf6 a3 45.Be5 Be4 46.Bf6 c5 47.Be5 h6 48.Bf6 Kc4 49.Ke3 Bb1 50.Bg7 Ba2
51.Bf6  1/2-1/2

[Event "Aix les Bains"]
[Site "Aix les Bains"]
[Date "1991.??.??"]
[Round "5"]
[White "Zak, Uriel"]
[Black "Gutman, Lev"]
[Result "0-1"]
[WhiteElo "2295"]
[BlackElo "2445"]

1.d4 Nf6 2.c4 g6 3.Nc3 d5 4.cxd5 Nxd5 5.e4 Nxc3 6.bxc3 Bg7 7.Be3 c5 8.Qd2 O-O
9.Nf3 Bg4 10.Be2 Qa5 11.Rb1 b6 12.Rb5 Qa4 13.Rb1 Bxf3 14.gxf3 Rd8 15.h4 Nd7
16.h5 cxd4 17.cxd4 Ne5 18.hxg6 hxg6 19.Rd1  0-1

[Event "Andorra op"]
[Site "Andorra"]
[Date "1991.??.??"]
[Round "?"]
[White "Marin, Mihail"]
[Black "Palkovi, Jozsef"]
[Result "1/2-1/2"]
[WhiteElo "2535"]
[BlackElo "2460"]

1.d4 Nf6 2.c4 g6 3.Nc3 d5 4.cxd5 Nxd5 5.e4 Nxc3 6.bxc3 Bg7 7.Bc4 c5 8.Ne2 O-O
9.Be3 Nc6 10.Rc1 cxd4 11.cxd4 Qa5+ 12.Kf1 Bd7 13.h4 Rfc8 14.h5 Nd8 15.hxg6 hxg6
16.f3 Bb5 17.Bxb5 Qxb5 18.Kf2 Rxc1 19.Qxc1 Nc6 20.Qg1 Qd3 21.Qb1 Qa3 22.Rc1 e6
23.Qb3  1/2-1/2

[Event "AUT-ch qual"]
[Site "?"]
[Date "1991.??.??"]
[Round "5"]
[White "Nickl, Klaus"]
[Black "Wittmann, Walter"]
[Result "0-1"]
[WhiteElo "2225"]
[BlackElo "2360"]

1.d4 Nf6 2.c4 g6 3.Nc3 d5 4.cxd5 Nxd5 5.e4 Nxc3 6.bxc3 Bg7 7.Nf3 c5 8.Rb1 O-O
9.Be2 Nd7 10.O-O Nf6 11.Qd3 b6 12.h3 Nxe4 13.Qxe4 Bf5 14.Qh4 Bxb1 15.Bc4 b5
16.Bh6 bxc4 17.Rxb1 Bf6 18.Qe4 Re8 19.Ne5 cxd4 20.cxd4 Qa5 21.d5 Qc3 22.Nxf7 Qd3
23.Ng5 Bxg5 24.Qxd3 cxd3 25.Bxg5 Rad8 26.Rb5 Rb8  0-1

[Event "AUT-chT playoff"]
[Site "?"]
[Date "1991.??.??"]
[Round "?"]
[White "Schuh, Franz"]
[Black "Topakian, Raffi"]
[Result "1/2-1/2"]
[WhiteElo "2355"]
[BlackElo "2255"]

1.d4 Nf6 2.c4 g6 3.Nc3 d5 4.cxd5 Nxd5 5.e4 Nxc3 6.bxc3 Bg7 7.Be3 c5 8.Qd2 O-O
9.Nf3 Qa5 10.Rc1 cxd4 11.cxd4 Qxd2+ 12.Nxd2 Nc6 13.Nb3 Rd8 14.d5 Nb4 15.a3 Na2
16.Rc2 Nc3 17.f3 e6 18.Bd4 Bxd4 19.Nxd4 Na4 20.Nb5 exd5 21.Nc7 Rb8 22.Nxd5 Be6
23.Bc4 b5 24.Bb3 Nb6 25.Rc5 Bxd5 26.exd5 Rbc8 27.Rxc8 Rxc8 28.Ke2 Rc3 29.Rb1 Kf8
30.Kd2 Rc5 31.Kd3 Ke7 32.d6+ Kxd6 33.Bxf7 a6 34.Bb3 Rh5 35.h3 Nd7 36.Kc3 Nc5
37.Rd1+ Kc6 38.Bc2 Re5 39.Rd8 Ne6 40.Rc8+ Kb6 41.Be4 Rc5+ 42.Rxc5 Kxc5 43.h4 Nf4
44.g4 Ng2 45.h5 gxh5 46.gxh5 h6 47.Bg6 Nf4 48.Bf7 a5 49.Be8 b4+ 50.axb4+ axb4+
51.Kb2 Ne6 52.Bg6 Nf4 53.Kb3 Ne2 54.Kb2 Nd4 55.f4 Kd5 56.Ka2 Kd6 57.Kb2 Ke6
58.Be4 Ke7 59.Bh7 Kf6 60.Ka2 Ne6 61.Kb3 Nxf4 62.Kxb4 Kg5 63.Bg6  1/2-1/2

[Event "URS-chT"]
[Site "Azov"]
[Date "1991.??.??"]
[Round "?"]
[White "Maksimenko, Andrei"]
[Black "Baikov, Vladimir A"]
[Result "1-0"]
[WhiteElo "2430"]
[BlackElo "2355"]

1.d4 Nf6 2.c4 g6 3.Nc3 d5 4.cxd5 Nxd5 5.e4 Nxc3 6.bxc3 Bg7 7.Nf3 c5 8.Be3 O-O
9.Rc1 Qa5 10.Qd2 e6 11.Bh6 Nc6 12.h4 cxd4 13.Bxg7 Kxg7 14.cxd4 Bd7 15.Rb1 Rfd8
16.Bd3 Be8 17.Qxa5 Nxa5 18.Kd2 h5 19.Rhc1 Rac8 20.Ke3 Rxc1 21.Rxc1 Nc6 22.Rb1 b6
23.Rc1 Kf8 24.a3 Ne7 25.Ba6 Rd6 26.Rc7 Rd7 27.Rc3 Rd6 28.Rc7 Rd7 29.Rxd7 Bxd7
30.Ne5 Ba4 31.Nc4 Nc6 32.Nd6 Ke7 33.e5 Nb8 34.Bd3 Bd7 35.f3 Nc6 36.g4 hxg4
37.fxg4 Kf8 38.Bb5 Nb8 39.Bd3 Nc6 40.Bb5 Nb8 41.Bxd7 Nxd7 42.Ke4 a6 43.h5 gxh5
44.gxh5 b5 45.h6 Kg8 46.h7+ Kxh7 47.Nxf7 Kg6 48.Nd8 Nf8 49.d5 exd5+ 50.Kxd5 a5
51.e6 Kf6 52.Kd6 Ng6 53.Nc6 b4 54.Nxb4 axb4 55.axb4 Ne7 56.b5 Nc8+ 57.Kc7 Ne7
58.Kd7 Nd5 59.e7  1-0

[Event "Belgorod"]
[Site "Belgorod"]
[Date "1991.??.??"]
[Round "?"]
[White "Yakovich, Yuri"]
[Black "Wegner, Hannu"]
[Result "1/2-1/2"]
[WhiteElo "2530"]
[BlackElo "2435"]

1.d4 Nf6 2.c4 g6 3.Nc3 d5 4.cxd5 Nxd5 5.e4 Nxc3 6.bxc3 Bg7 7.Bb5+ Bd7 8.Be2 c5
9.Nf3 cxd4 10.cxd4 Bc6 11.Qd3 f5 12.exf5 Qa5+ 13.Bd2 Qxf5 14.Qxf5 gxf5 15.Rc1 Bd5
16.Rc5 e6 17.Rc7 O-O 18.O-O Nc6 19.Rxb7 Rab8 20.Rxb8 Rxb8 21.Bc3 Bxa2 22.Ne5 Rc8
23.Ra1 Bd5 24.Ba6 Rc7 25.Bb2 Nb4 26.Bf1 Rc2 27.Ba3 a5 28.h3 Ra2 29.Rxa2 Bxa2
30.Bb5 Bb3 31.Kf1 Nc2 32.Bb2 a4 33.Bd3 Bf8 34.Ke2 a3 35.Bxc2 Bxc2 36.Ba1 Bb3
37.Kd3 Bd5 38.g4 Be7 39.f4 fxg4 40.hxg4 h6 41.Bc3 Bb3 42.Ke3 Bd6 43.Kf3 a2
44.Ke2 Ba3 45.Ba1 Bc1 46.Kf3 Bd5+ 47.Kg3 Be4 48.Nd7 Kf7 49.Nc5 Bc2 50.Kf3 Ke7
51.Ne4 Bd1+ 52.Kg3 Be3 53.f5 exf5 54.gxf5 Bc2 55.Kf3 Bxe4+ 56.Kxe3 Bxf5 57.Kf4 Be6
58.Kg3 Kd6 59.Kh4 Bf7 60.Bc3 Kd5 61.Bb2  1/2-1/2

[Event "Belgorod-B"]
[Site "Belgorod"]
[Date "1991.??.??"]
[Round "?"]
[White "Pribyl, Martin"]
[Black "Pribyl, Josef"]
[Result "1/2-1/2"]
[WhiteElo "2315"]
[BlackElo "2425"]

1.d4 Nf6 2.c4 g6 3.Nc3 d5 4.cxd5 Nxd5 5.e4 Nxc3 6.bxc3 Bg7 7.Bc4 c5 8.Be3 Nc6
9.Ne2 O-O 10.O-O Bg4 11.f3 Na5  1/2-1/2

[Event "Belgorod-B"]
[Site "Belgorod"]
[Date "1991.??.??"]
[Round "?"]
[White "Sherbakov, Ruslan"]
[Black "Pribyl, Josef"]
[Result "1/2-1/2"]
[WhiteElo "2505"]
[BlackElo "2425"]

1.d4 Nf6 2.c4 g6 3.Nc3 d5 4.cxd5 Nxd5 5.e4 Nxc3 6.bxc3 Bg7 7.Be3 c5 8.Qd2 Qa5
9.Rb1 a6 10.Rc1 O-O 11.Nf3 e6 12.Bh6 cxd4 13.Bxg7 Kxg7 14.cxd4 Nc6 15.h4 h6
16.Bd3 Rd8 17.Qxa5 Nxa5 18.Ke2 Bd7 19.Rc7 Rac8 20.Rhc1 Nc6 21.Rxc8 Rxc8 22.Ke3 Kf6
23.g4 Ke7 24.g5 hxg5 25.hxg5 Rh8  1/2-1/2

[Event "Belgorod-B"]
[Site "Belgorod"]
[Date "1991.??.??"]
[Round "?"]
[White "Karpman, Vadim"]
[Black "Pribyl, Martin"]
[Result "1/2-1/2"]
[WhiteElo "2475"]
[BlackElo "2315"]

1.d4 Nf6 2.c4 g6 3.Nc3 d5 4.cxd5 Nxd5 5.e4 Nxc3 6.bxc3 Bg7 7.Bc4 O-O 8.Ne2 c5
9.O-O Nc6 10.Be3 Qc7 11.Rc1 Rd8 12.Bf4 Qd7 13.d5 Na5 14.Bd3 e5 15.Be3 b6
16.Kh1 Nb7 17.f4 Qe7 18.f5 Nd6 19.g4 c4 20.Bc2 g5 21.Ng3 f6 22.Kg2 Bd7 23.Rh1 h6
24.h4 Kf7 25.a4 Rh8 26.Ra1 Nb7 27.Bc1 Qd6 28.Ba3 Qc7 29.Nf1 Rag8 30.d6 Qc6
31.Ne3 gxh4 32.Nxc4 Ke8 33.Qd5 Qxd5 34.exd5 h5 35.Rxh4 Bh6 36.Kf3 hxg4+ 37.Rxg4 Rxg4
38.Kxg4 Bg5 39.Bd3 Bxa4 40.Bc1 b5 41.Bxg5 bxc4 42.Bxc4 Rg8 43.Rxa4 Rxg5+
44.Kh3 Nxd6 45.Bd3 Nxf5 46.Bxf5 Rxf5 47.Rxa7 e4  1/2-1/2

[Event "Belgorod"]
[Site "Belgorod"]
[Date "1991.??.??"]
[Round "?"]
[White "Novikov, Igor A"]
[Black "Lhagvasuren, Cedendemberel"]
[Result "1/2-1/2"]
[WhiteElo "2545"]
[BlackElo "2350"]

1.d4 Nf6 2.c4 g6 3.Nc3 d5 4.cxd5 Nxd5 5.e4 Nxc3 6.bxc3 Bg7 7.Bc4 c5 8.Ne2 O-O
9.O-O Nc6 10.Be3 Bg4 11.f3 Na5 12.Bxf7+ Rxf7 13.fxg4 Rxf1+ 14.Kxf1 Qd6 15.e5 Qd5
16.Bf2 Rd8 17.Qc2 Qc4 18.Qb2 Rf8 19.Kg1 Qd3 20.Ng3 Bh6 21.Qb1 Qxc3 22.Ne4 Qc4
23.Qe1 Nc6 24.g5 Nxd4 25.gxh6 Ne2+ 26.Kh1 Qxe4 27.Bxc5 Qxe5 28.Bxa7  1/2-1/2

[Event "Berliner Sommer"]
[Site "Berlin"]
[Date "1991.??.??"]
[Round "?"]
[White "Kuzmin, Alexey"]
[Black "Tseitlin, Mikhail S"]
[Result "1-0"]
[WhiteElo "2520"]
[BlackElo "2480"]

1.d4 Nf6 2.c4 g6 3.Nc3 d5 4.cxd5 Nxd5 5.e4 Nxc3 6.bxc3 Bg7 7.Be3 c5 8.Qd2 cxd4
9.cxd4 Nc6 10.Bb5 O-O 11.Ne2 Bd7 12.Rb1 a6 13.Bd3 Be8 14.e5 b5 15.O-O Bd7
16.h4 Qa5 17.Rfc1 Rfc8  1-0

[Event "Bern"]
[Site "Bern"]
[Date "1991.??.??"]
[Round "7"]
[White "Cramling, Pia"]
[Black "Miralles, Gilles"]
[Result "1/2-1/2"]
[WhiteElo "2470"]
[BlackElo "2470"]

1.d4 Nf6 2.c4 g6 3.Nc3 d5 4.cxd5 Nxd5 5.e4 Nxc3 6.bxc3 Bg7 7.Bc4 c5 8.Ne2 Nc6
9.Be3 O-O 10.O-O Bg4 11.f3 Na5 12.Bd3 cxd4 13.cxd4 Be6 14.d5 Bxa1 15.Qxa1 f6
16.Rb1 Bd7 17.e5 b5 18.Kh1 Nc4 19.Bxc4 bxc4 20.Bh6 Bf5 21.Rd1 Qa5 22.Bxf8 Rxf8
23.exf6 exf6 24.Nc3 Re8 25.Re1 Rxe1+ 26.Qxe1 Kf7 27.g4 Bd7 28.Kg2 Qb4 29.Qe3 Qb2+
30.Kg3 Qb8+ 31.Kg2 Qb2+ 32.Kg3 Qb8+ 33.Qf4 Qb4 34.Qd4 Qb8+ 35.Kg2 Qb2+ 36.Kg3 Qb8+
37.d6 Qb4 38.h4 Qb6 39.Qxc4+ Kg7 40.Qc7 Qg1+ 41.Kf4 Qd4+ 42.Kg3 Qg1+ 43.Kf4 Qd4+  1/2-1/2

[Event "Biel"]
[Site "Biel"]
[Date "1991.??.??"]
[Round "4"]
[White "Christiansen, Larry Mark"]
[Black "Gavrikov, Viktor"]
[Result "1/2-1/2"]
[WhiteElo "2600"]
[BlackElo "2585"]

1.d4 Nf6 2.c4 g6 3.Nc3 d5 4.cxd5 Nxd5 5.e4 Nxc3 6.bxc3 Bg7 7.Bc4 c5 8.Ne2 O-O
9.O-O Nc6 10.Be3 Bg4 11.f3 Na5 12.Bd3 cxd4 13.cxd4 Be6 14.d5 Bxa1 15.Qxa1 f6
16.Bh6 Re8 17.Bd2 b6 18.Qb1 Bf7 19.Bb5 Rf8 20.Bh6 Qd6 21.Bxf8 Rxf8 22.Rc1 e6  1/2-1/2

[Event "Biel"]
[Site "Biel"]
[Date "1991.??.??"]
[Round "13"]
[White "Shirov, Alexei"]
[Black "Kozul, Zdenko"]
[Result "1-0"]
[WhiteElo "2610"]
[BlackElo "2560"]

1.d4 Nf6 2.c4 g6 3.Nc3 d5 4.cxd5 Nxd5 5.e4 Nxc3 6.bxc3 Bg7 7.Bc4 c5 8.Ne2 O-O
9.Be3 Nc6 10.Rc1 cxd4 11.cxd4 Qa5+ 12.Kf1 Bd7 13.h4 Rfc8 14.h5 Nd8 15.f3 b5
16.Bb3 Rxc1 17.Bxc1 Qb6 18.hxg6 hxg6 19.Qe1 Rc8 20.Bg5 Ne6 21.Bxe7 g5 22.d5 Nd4
23.Bxg5 b4 24.Be3 Qa6 25.Bxd4 Bxd4 26.Qd2 Bg7 27.d6 Bb5 28.Bxf7+ Kf8 29.Be6 Rc1+
30.Qxc1 Bxe2+ 31.Kf2 Bd4+ 32.Kg3 Qxd6+ 33.Qf4+ Ke7 34.Rh7+  1-0

[Event "Borsodtavho"]
[Site "Borsodtavho"]
[Date "1991.??.??"]
[Round "1"]
[White "Horvath, Jozsef"]
[Black "Luecke, Norbert"]
[Result "1/2-1/2"]
[WhiteElo "2540"]
[BlackElo "2390"]

1.d4 Nf6 2.c4 g6 3.Nc3 d5 4.cxd5 Nxd5 5.e4 Nxc3 6.bxc3 Bg7 7.Be3 c5 8.Qd2 Qa5
9.Rc1 cxd4 10.cxd4 Qxd2+ 11.Kxd2 O-O 12.Nf3 Nc6 13.Bb5 f5 14.exf5 Bxf5 15.Bxc6 bxc6
16.Rxc6 Rab8 17.Kc3 Rb7 18.Rc1 Rd8 19.Rc5 Be4 20.Ra5  1/2-1/2

[Event "Borsodtavho"]
[Site "Borsodtavho"]
[Date "1991.??.??"]
[Round "10"]
[White "Sjoberg, Mats"]
[Black "Horvath, Jozsef"]
[Result "0-1"]
[WhiteElo "2360"]
[BlackElo "2540"]

1.d4 Nf6 2.c4 g6 3.Nc3 d5 4.cxd5 Nxd5 5.e4 Nxc3 6.bxc3 Bg7 7.Bc4 O-O 8.Be3 Nc6
9.h4 Na5 10.Be2 c5 11.h5 Nc6 12.hxg6 hxg6 13.Nf3 Bg4 14.d5 Bxc3+ 15.Kf1 Bxf3
16.gxf3 Nd4 17.Rc1 Nxe2 18.Kxe2 Qa5 19.Qd3 Bf6 20.Rxc5 Qxa2+ 21.Rc2 Qa4 22.Rhc1 Rfd8
23.f4 e6 24.d6 e5 25.Rc7 Qa2+ 26.R1c2 Qe6 27.d7 Qg4+ 28.Ke1 exf4 29.Bc1 f3
30.Be3 Kg7 31.Qd6 Qxe4 32.R2c4 Qb1+ 33.Kd2 Qa2+ 34.Kc1 Rxd7 35.Qxd7 Qb2+
36.Kd1 Rd8 37.Rd4 Qb3+ 38.Kd2 Rxd7 39.Rdxd7 b5 40.Bxa7 Bg5+  0-1

[Event "CSR-ch"]
[Site "Bratislava"]
[Date "1991.??.??"]
[Round "2"]
[White "Piza, Vlastimil"]
[Black "Banas, Jan"]
[Result "1/2-1/2"]
[WhiteElo "2350"]
[BlackElo "2370"]

1.d4 Nf6 2.c4 g6 3.Nc3 d5 4.cxd5 Nxd5 5.e4 Nxc3 6.bxc3 Bg7 7.Be3 c5 8.Qd2 Qa5
9.Rc1 cxd4 10.cxd4 Qxd2+ 11.Kxd2 O-O 12.Nf3 Rd8 13.Bb5 Nc6 14.Bxc6 bxc6 15.Rc5 f5
16.e5 Be6 17.Rxc6 Bxa2 18.Rc7 Bd5 19.Rxe7 Kf8 20.Rc7 Bxf3 21.gxf3 Bxe5 22.Rxh7 f4
23.Ke2 Bg7 24.Bxf4 Rxd4 25.Be3 Ra4 26.Rc1 Kg8 27.Rh3 Ra2+ 28.Kf1 Ra1 29.Rh4  1/2-1/2

[Event "Brno Morava-B"]
[Site "Brno"]
[Date "1991.??.??"]
[Round "11"]
[White "Aseev, Konstantin N"]
[Black "Mikhalchishin, Adrian"]
[Result "1/2-1/2"]
[WhiteElo "2525"]
[BlackElo "2520"]

1.d4 Nf6 2.c4 g6 3.Nc3 d5 4.cxd5 Nxd5 5.e4 Nxc3 6.bxc3 Bg7 7.Bb5+ Bd7 8.Be2 c5
9.Nf3 cxd4 10.cxd4 Bc6 11.Qd3 f5 12.exf5 Qa5+ 13.Bd2 Qxf5 14.Qxf5 gxf5 15.Rc1 Bd5
16.Bc4 Bxf3 17.gxf3 Nc6 18.d5 Nd4 19.Be3 Rc8 20.O-O Kd7 21.f4 b5 22.Bd3 Kd6
23.Rfd1 a6 24.Rb1 Rc3 25.a4 Rb8 26.axb5 axb5 27.Rb4 Nc2 28.Bxc2 Rxc2 29.Rdb1 Kxd5
30.Rxb5+ Rxb5 31.Rxb5+ Ke6 32.Kg2 Rc4 33.Kf3  1/2-1/2

[Event "Escom IM-A"]
[Site "Budapest"]
[Date "1991.??.??"]
[Round "1"]
[White "Petronic, Jovan"]
[Black "Vadasz, Laszlo"]
[Result "1-0"]
[WhiteElo "2355"]
[BlackElo "2385"]

1.d4 Nf6 2.c4 g6 3.Nc3 d5 4.cxd5 Nxd5 5.e4 Nxc3 6.bxc3 Bg7 7.Be3 O-O 8.Qd2 c5
9.Rc1 e6 10.Nf3 Nc6 11.Be2 cxd4 12.cxd4 Qa5 13.Qxa5 Nxa5 14.O-O b6 15.d5 exd5
16.exd5 Bb7 17.Rfd1 Rac8 18.Rxc8 Rxc8 19.Bg5 f6 20.Bf4 Rd8 21.d6 Bf8 22.Nd4 Bd5
23.Nb5 Bxa2 24.Nxa7 Bb3 25.Rd2 g5 26.Bg3 Be6 27.h3 f5 28.Be5 Bg7 29.f4 Nb3
30.Rd1 gxf4 31.Nc6 Rd7 32.Bxf4 Nc5 33.Bb5 Kf7 34.Nb8 Rd8 35.d7 Bb3 36.Rd6 Ne6
37.Nc6  1-0

[Event "Cansys GM-Nov"]
[Site "Budapest"]
[Date "1991.??.??"]
[Round "2"]
[White "Khenkin, Igor"]
[Black "Van Mil, Johannes A J"]
[Result "1-0"]
[WhiteElo "2460"]
[BlackElo "2430"]

1.d4 Nf6 2.c4 g6 3.Nc3 d5 4.cxd5 Nxd5 5.e4 Nxc3 6.bxc3 Bg7 7.Be3 c5 8.Qd2 cxd4
9.cxd4 Nc6 10.Rd1 O-O 11.Nf3 Bg4 12.Be2 e6 13.O-O Qd6 14.d5 exd5 15.exd5 Ne5
16.Nxe5 Bxe2 17.Nxf7 Qa6 18.Nh6+ Kh8 19.d6 Bxf1 20.Rxf1 Rad8 21.Qd5 Rd7 22.Rd1 Qc6
23.Qe6 Qc8 24.h4 Qe8 25.Qg4 Rf6 26.Bd4 Rdxd6 27.Bxf6 Rxd1+ 28.Qxd1 Bxf6 29.Ng4 Bg7
30.Qd5 b5 31.g3 a5 32.Ne3 a4 33.Nc2 b4 34.Qc4 Bf8 35.Kh2 Qe7 36.Nd4 Qc5 37.Qf7 Qe7
38.Qc4 Qc5 39.Qf7 Qe7 40.Qf3 Kg8 41.Qc6 Qf7 42.Kg2 Qxa2 43.Ne6 a3 44.Ng5 Qb2
45.Qe6+ Kh8 46.Nf7+ Kg7 47.Ne5 Bc5 48.Qf7+ Kh8 49.Qf6+ Kg8 50.Qf7+ Kh8 51.Qe8+ Kg7
52.Qd7+ Kg8 53.Qe8+ Kg7 54.Qd7+ Kg8 55.Qd5+ Kg7 56.Qxc5  1-0

[Event "Escom IM-A"]
[Site "Budapest"]
[Date "1991.??.??"]
[Round "2"]
[White "Hoffmann, Michael"]
[Black "Spiriev, Peter"]
[Result "1/2-1/2"]
[WhiteElo "2370"]
[BlackElo "2285"]

1.d4 Nf6 2.c4 g6 3.Nc3 d5 4.cxd5 Nxd5 5.e4 Nxc3 6.bxc3 Bg7 7.Be3 c5 8.Qd2 Qa5
9.Rc1 cxd4 10.cxd4 Qxd2+ 11.Kxd2 O-O 12.Nf3 Rd8 13.Bb5 Bg4 14.Rc7 Nc6 15.Bxc6 bxc6  1/2-1/2

[Event "Cansys"]
[Site "Budapest"]
[Date "1991.??.??"]
[Round "3"]
[White "Schlosser, Philipp"]
[Black "Zakic, Srdjan"]
[Result "1-0"]
[WhiteElo "2465"]
[BlackElo "2350"]

1.d4 Nf6 2.c4 g6 3.Nc3 d5 4.cxd5 Nxd5 5.e4 Nxc3 6.bxc3 Bg7 7.Bb5+ c6 8.Ba4 b5
9.Bb3 b4 10.Be3 bxc3 11.Rc1 Qa5 12.Ne2 Ba6 13.Nxc3 Nd7 14.Qd2 O-O 15.Ne2 Qxd2+
16.Kxd2 c5 17.dxc5 Ne5 18.Nc3 Rfd8+ 19.Kc2 Bd3+ 20.Kb2 Rab8 21.Ka3 Rdc8 22.Rhd1 Rc6
23.f3 Ra6+ 24.Na4 Nc4+ 25.Rxc4 Bxc4 26.Bf4 Bxb3 27.axb3 e5 28.Be3 Rc6 29.Rd7 a6
30.Nb2 Kf8 31.Nc4 Ke8 32.Ra7 Bf8 33.b4 f6 34.Nb6 Be7 35.Nd5 Bd8 36.Ka4 h5
37.h4 Kf8 38.g4 Kg8 39.Rd7 Rcc8 40.gxh5 gxh5 41.f4 Kf8 42.Rh7 Kg8 43.Rxh5 exf4
44.Bxf4 Rb7 45.Rf5 Kg7 46.Bd6 Kf7 47.h5 Ke6 48.Nf4+ Kd7 49.h6 Be7 50.Bxe7 Kxe7
51.Nd5+ Ke6 52.Rxf6+ Ke5 53.Rxa6 Kxe4 54.Rd6 Ra8+ 55.Kb3 Rba7 56.Kc4 Ra1
57.h7 Rh1 58.Rd7 Ke5 59.c6 Rh4+ 60.Kc5 Ra1 61.Re7+ Kf5 62.c7  1-0

[Event "Escom IM-A"]
[Site "Budapest"]
[Date "1991.??.??"]
[Round "3"]
[White "Zsinka, Laszlo"]
[Black "Hoffmann, Michael"]
[Result "1/2-1/2"]
[WhiteElo "2375"]
[BlackElo "2370"]

1.d4 Nf6 2.c4 g6 3.Nc3 d5 4.cxd5 Nxd5 5.e4 Nxc3 6.bxc3 Bg7 7.Be3 c5 8.Qd2 Qa5
9.Rb1 cxd4 10.Bb5+ Nc6 11.cxd4 Qxd2+ 12.Kxd2 O-O 13.Ne2 Rd8 14.Bxc6 bxc6
15.Rhc1 e5 16.Rxc6 exd4 17.Bg5  1/2-1/2

[Event "Cansys"]
[Site "Budapest"]
[Date "1991.??.??"]
[Round "3"]
[White "Mohr, Stefan"]
[Black "Van Mil, Johannes A J"]
[Result "1-0"]
[WhiteElo "2430"]
[BlackElo "2430"]

1.d4 Nf6 2.c4 g6 3.Nc3 d5 4.cxd5 Nxd5 5.e4 Nxc3 6.bxc3 Bg7 7.Bb5+ Nd7 8.Nf3 O-O
9.O-O c5 10.Bd3 cxd4 11.cxd4 Nc5 12.Bc2 Bg4 13.Be3 Ne6 14.e5 Qa5 15.h3 Bxf3
16.Qxf3 Qc3 17.Qe4 Rfd8 18.Rfd1 Rac8 19.Bb3 Qb4 20.Bxe6 fxe6 21.Rab1 Qa4
22.Qxb7 Qxa2 23.Qxe7 Bf8 24.Qf6 Qd5 25.Rdc1 a5 26.Rxc8 Rxc8 27.Rb5 Qxb5 28.Qxe6+ Kg7
29.Qf6+ Kg8 30.Qe6+ Kg7 31.Qxc8 Be7 32.Qc7 Kf8 33.Bh6+ Ke8 34.e6 Qd5 35.Qc8+ Bd8
36.Bg5 h6 37.Bf6  1-0

[Event "Cansys GM-Nov"]
[Site "Budapest"]
[Date "1991.??.??"]
[Round "4"]
[White "Khenkin, Igor"]
[Black "Berebora, Ferenc"]
[Result "1-0"]
[WhiteElo "2460"]
[BlackElo "2310"]

1.d4 Nf6 2.c4 g6 3.Nc3 d5 4.cxd5 Nxd5 5.e4 Nxc3 6.bxc3 Bg7 7.Be3 c5 8.Qd2 O-O
9.Rc1 Qa5 10.Nf3 cxd4 11.cxd4 Qxd2+ 12.Nxd2 e6 13.Nb3 b6 14.Bb5 Bb7 15.f3 Ba6
16.a4 Bxb5 17.axb5 a6 18.Ra1 Nd7 19.bxa6 Nb8 20.Kd2 Nxa6 21.Ra4 Nc5 22.Nxc5 bxc5
23.Rxa8 Rxa8 24.dxc5 Ra2+ 25.Kd3 Ra3+ 26.Ke2 Ra2+ 27.Kd3 Ra3+ 28.Ke2 Ra2+
29.Bd2 Kf8 30.Kd3 Ke8 31.Rb1 Ra3+ 32.Kc4 Be5 33.Rb7 Ra2 34.Be3 Rc2+ 35.Kd3 Rb2
36.c6 Rxb7 37.cxb7 Bb8 38.Kc4 Kd7 39.Kb5 Kc7 40.Ka6 Kc6 41.h4  1-0

[Event "Cansys"]
[Site "Budapest"]
[Date "1991.??.??"]
[Round "5"]
[White "Kishnev, Sergey"]
[Black "Zakic, Srdjan"]
[Result "1-0"]
[WhiteElo "2520"]
[BlackElo "2350"]

1.d4 Nf6 2.c4 g6 3.Nc3 d5 4.cxd5 Nxd5 5.e4 Nxc3 6.bxc3 Bg7 7.Be3 c5 8.Qd2 Qa5
9.Rb1 cxd4 10.cxd4 Qxd2+ 11.Kxd2 O-O 12.Nf3 Rd8 13.Bd3 Nc6 14.d5 Na5 15.Bc5 f5
16.Bxe7 Re8 17.d6 fxe4 18.Bxe4 Nc4+ 19.Kd3 Be6 20.Bxb7 Nxd6 21.Bxa8 Bf5+
22.Kd2 Nc4+ 23.Kc1 Rxa8 24.Rd1 Bxb1 25.Kxb1 Rb8+ 26.Kc1 Rb2 27.Ng5 Be5 28.Rd8+ Kg7
29.Rc8 Bf4+ 30.Kd1 Nb6 31.Rc2 Rb1+ 32.Ke2 Nd5 33.Bd8 Rb8 34.g3 Be5 35.Ba5 h6
36.Ne4 Rb5 37.Bd2 g5 38.a4 Rb7 39.Rc5 Rd7 40.Rb5 Bd4 41.f3 Nf6 42.h3 Nd5
43.Rb3 Rc7 44.Rd3 Rc4 45.Nd6  1-0

[Event "Cansys"]
[Site "Budapest"]
[Date "1991.??.??"]
[Round "5"]
[White "Werner, Dimo"]
[Black "Horvath, Jozsef"]
[Result "1/2-1/2"]
[WhiteElo "2395"]
[BlackElo "2540"]

1.d4 Nf6 2.c4 g6 3.Nc3 d5 4.cxd5 Nxd5 5.e4 Nxc3 6.bxc3 Bg7 7.Be3 c5 8.Qd2 Qa5
9.Rc1 cxd4 10.cxd4 Qxd2+ 11.Kxd2 O-O 12.Bb5 a6 13.Ba4 Nc6  1/2-1/2

[Event "Cansys GM-Nov"]
[Site "Budapest"]
[Date "1991.??.??"]
[Round "7"]
[White "Vigh, Bela"]
[Black "Khenkin, Igor"]
[Result "0-1"]
[WhiteElo "2340"]
[BlackElo "2460"]

1.d4 Nf6 2.c4 g6 3.Nc3 d5 4.cxd5 Nxd5 5.e4 Nxc3 6.bxc3 Bg7 7.Bc4 c5 8.Ne2 O-O
9.O-O Nc6 10.Be3 Bg4 11.f3 Na5 12.Bd3 cxd4 13.cxd4 Be6 14.d5 Bxa1 15.Qxa1 f6
16.Rd1 Bd7 17.Kh1 Rf7 18.Qb1 b6 19.Bh6 Qe8 20.Re1 Nb7 21.Nd4 Nc5 22.Bc4 b5
23.Bf1 e5 24.dxe6 Nxe6 25.Nxe6 Qxe6 26.Bf4 Rc8 27.h3 a6 28.Rd1 Qe8 29.a4 Kg7
30.Qb2 bxa4 31.e5 Bb5 32.exf6+ Kg8 33.Bg3 Qc6 34.Be5 Bxf1 35.Rxf1 Qb5 36.Qa1 a3
37.Rb1 Qe2 38.f4 a2 39.Rb2 Rc2 40.Rxc2 Qxc2 41.Qd4 Qc8 42.Kh2 Qe6 43.Qd8+ Rf8
44.Qd4 h5 45.Qc3 Rd8 46.Qc7 Rd7 47.Qc8+ Kf7 48.Qc3 h4 49.Qc8 a5 50.Qc3 a4
51.Qc8 Qd5 52.Qc1 Qd3 53.f5 Qxf5 54.Ba1 g5 55.Qc4+ Qe6 56.Qxa4 Qd6+  0-1

[Event "Escom IM-A"]
[Site "Budapest"]
[Date "1991.??.??"]
[Round "8"]
[White "Petronic, Jovan"]
[Black "Spiriev, Peter"]
[Result "1/2-1/2"]
[WhiteElo "2355"]
[BlackElo "2285"]

1.d4 Nf6 2.c4 g6 3.Nc3 d5 4.cxd5 Nxd5 5.e4 Nxc3 6.bxc3 Bg7 7.Be3 c5 8.Qd2 Qa5
9.Rc1 cxd4 10.cxd4 Qxd2+ 11.Kxd2 O-O 12.Bb5 Rd8 13.Nf3 Bg4 14.Rhd1 Bxf3 15.gxf3 Bxd4  1/2-1/2

[Event "Utasellato NK"]
[Site "Budapest"]
[Date "1991.??.??"]
[Round "8"]
[White "Petran, Pal"]
[Black "Peter, Ambrus"]
[Result "1-0"]
[WhiteElo "2415"]
[BlackElo "2250"]

1.d4 Nf6 2.c4 g6 3.Nc3 d5 4.cxd5 Nxd5 5.e4 Nxc3 6.bxc3 Bg7 7.Bc4 O-O 8.Ne2 c5
9.Be3 Nc6 10.O-O Qc7 11.Rc1 Rd8 12.Bf4 Qd7 13.d5 Na5 14.Bd3 b6 15.Bg5 f6
16.Be3 e5 17.f4 Nb7 18.fxe5 fxe5 19.Qe1 Nd6 20.Qh4 Re8 21.h3 Qa4 22.Bh6 Bxh6
23.Qxh6 Ba6 24.Bxa6 Qxa6 25.Ng3 Rad8 26.Rf6 Qd3 27.Rf3 Qa6 28.Nh5 Rd7 29.Rcf1 Qc8  1-0

[Event "Cansys"]
[Site "Budapest"]
[Date "1991.??.??"]
[Round "8"]
[White "Lukacs, Peter"]
[Black "Mohr, Stefan"]
[Result "1/2-1/2"]
[WhiteElo "2460"]
[BlackElo "2430"]

1.d4 Nf6 2.c4 g6 3.Nc3 d5 4.cxd5 Nxd5 5.e4 Nxc3 6.bxc3 Bg7 7.Bc4 O-O 8.Ne2 c5
9.O-O Nc6 10.Be3 cxd4 11.cxd4 Na5 12.Bd3 b6 13.Rc1 e6 14.Qd2 Bb7 15.h4 Qd7
16.h5 Rfc8 17.h6 Bf8 18.Bg5 Be7 19.Qf4 Nc6 20.Bb5 Bxg5 21.Qxg5 Qe7 22.Qe3 f6
23.Nf4 Na5 24.d5 exd5 25.exd5 Qxe3 26.fxe3 Kf7 27.e4 Ke7 28.Ne6 Rxc1 29.Rxc1 Rc8
30.Rf1 Nc4 31.Nd4 Nd6 32.Bc6 Ba6 33.Re1 Nf7 34.Re3 Bc4 35.Rc3 Ne5 36.Nf3 Bb5
37.Nxe5 fxe5 38.g4  1/2-1/2

[Event "Cansys"]
[Site "Budapest"]
[Date "1991.??.??"]
[Round "9"]
[White "Mohr, Stefan"]
[Black "Spiriev, Peter"]
[Result "1/2-1/2"]
[WhiteElo "2430"]
[BlackElo "2285"]

1.d4 Nf6 2.c4 g6 3.Nc3 d5 4.cxd5 Nxd5 5.e4 Nxc3 6.bxc3 Bg7 7.Bb5+ c6 8.Ba4 O-O
9.Ne2 e5 10.O-O Qe7 11.Qc2 Nd7 12.Bb3 exd4 13.cxd4 Re8 14.f3 b6 15.Rd1 Bb7
16.Bb2 Rac8 17.Qd2 a6 18.Kh1 Rcd8 19.Ng3 Nc5 20.Qc2 Nd7 21.f4 Qh4 22.e5 c5
23.d5 b5 24.e6 Nf6 25.exf7+ Kxf7 26.Qxc5 Ng4 27.d6+  1/2-1/2

[Event "Cansys"]
[Site "Budapest"]
[Date "1991.??.??"]
[Round "12"]
[White "Schlosser, Philipp"]
[Black "Mohr, Stefan"]
[Result "1/2-1/2"]
[WhiteElo "2465"]
[BlackElo "2430"]

1.d4 Nf6 2.c4 g6 3.Nc3 d5 4.cxd5 Nxd5 5.e4 Nxc3 6.bxc3 Bg7 7.Bb5+ c6 8.Ba4 O-O
9.Ne2 e5 10.O-O Re8 11.Qc2 Nd7 12.Be3 Qe7 13.Ng3 h5 14.f3 Nb6 15.Bb3 Be6
16.Rad1 Nc4 17.Bc1 Rad8 18.f4 exf4 19.Bxf4 h4 20.Nh1 Nd6 21.e5 Nf5 22.Nf2 Bxb3
23.Qxb3 c5 24.d5 Bxe5 25.Rde1 Qd6 26.Ne4 Qxd5 27.Nf6+ Bxf6 28.Rxe8+ Kg7 29.Rxd8 Qxd8
30.Qxb7 Bxc3 31.Qb3 Qd4+ 32.Kh1 h3 33.Qc2  1/2-1/2